00361nam a2200133Ia 450000500170000000800410001702000150005808200130007310000170008624500290010326000470013230000140017950000340019320250325052014.0240331s9999 xx 000 0 und d a819008013X bRAMa894 aRamaswamy, S 0aKaattil kalantha perosai aNagercoilbKalachvhuvadu pathippagamc1998 a304 p ., aCollection Of Essays in Tamil